| 000 | 00962nab a2200289 i 4500 | ||
|---|---|---|---|
| 003 | BR-BrBNA | ||
| 005 | 20241018134756.0 | ||
| 008 | 241018b2005 bl.qr|pooa||| 00| 0 eng | | ||
| 040 |
_aBR-BrBNA _beng |
||
| 072 | _aF50 | ||
| 072 | _aF70 | ||
| 072 | _aK10 | ||
| 100 | _aMaas, Paul J. M. | ||
| 100 | _aMaas, Hiltje | ||
| 245 | _aFlora da Reserva Ducke, Amazonas, Brasil: Zingiberaceae | ||
| 500 | _aPublicação on-line; 2 ref. | ||
| 520 | _aNão há resumos. | ||
| 650 | _aFLORA | ||
| 650 | _aCOMPOSIÇÃO FLORÍSTICA | ||
| 650 | _aZINGIBERACEAE | ||
| 650 | _aANATOMIA VEGETAL | ||
| 650 | _aMORFOLOGIA VEGETAL | ||
| 773 | 0 |
_0709 _9345304 _dRio de Janeiro-RJ Jardim Botanico do Rio de Janeiro 1935 _o2024-5823 _tRodriguésia (Brazil) _x0370-6583; 2175-7860 on-line _gv. 56(86) p. 213; (2005) _wBR2024003313 |
|
| 856 | _uhttps://www.scielo.br/j/rod/a/MvPQP5QBsZHTvyNCBRjkFkr/?format=pdf&lang=pt | ||
| 942 | _cANA | ||
| 999 |
_c328184 _d328184 |
||